000 00667cam a22002291 4500
001 he 68001222
003 DLC
005 20260227111457.0
008 830602s1966 is a j 000 0 heb
010 _ahe 68001222
035 _a(OCoLC)19145911
040 _aDLC
_cMH
_dCU
_dDLC
050 0 0 _aBS580.A3
_bF76
100 1 _aʻEshet, Liʼor.
245 1 0 _aAvraham ṿe-Yitsḥaḳ.
260 _aTel Aviv :
_bE. Narḳis,
_c[1966]
300 _a94 p. :
_bill. ;
_c25 cm.
490 0 _aGibore Yiśraʼel
600 0 0 _aAbraham
_c(Biblical patriarch)
_vJuvenile literature.
600 0 0 _aIsaac
_c(Biblical patriarch)
_vJuvenile literature.
752 _aIsrael
_dTel Aviv
999 _c33221
_d33221